| 000 | 02139nam a22003615a 4500 | ||
|---|---|---|---|
| 003 | EG-ScBUE | ||
| 005 | 20211028103810.0 | ||
| 008 | 161123s2013 ua f b 000 0 ara d | ||
| 017 | _a2012 / 14349 | ||
| 020 | _a9775245923 | ||
| 040 |
_aEG-ScBUE _bara _erda _cEG-ScBUE _dEG-ScBUE |
||
| 082 | 0 | 4 |
_a346.07 _bح ج ا _222 |
| 100 | 1 |
_aحجاب، عصام، _eمؤلف. |
|
| 245 | 1 | 0 |
_aجريمة استغلال المعلومات الداخلية للشركات المساهمة : _bدراسة مقارنة في ضوء تشريعات أسواق رأس المال وأحكام المحاكم والفقه في مصر وفرنسا / _cدكتور عصام حجاب، محام ومستشار قانوني، خبير بأسواق المال، دكتوراه في القانون الجنائي من كلية الحقوق - جامعة الإسكندرية. |
| 246 | 3 | 4 |
_aجريمة استغلال المعلومات الداخلية للشركات المساهمة : _bدراسة مقارنة في ضوء تشريعات أسواق رأس المال وأحكام القضاء وتعليق الفقه في مصر وفرنسا |
| 250 |
_aالطبعة الثانية، _bمزيدة ومنقحة. |
||
| 264 | 1 |
_aالإسكندرية : _bدار الفتح للطباعة والنشر ؛ _aالقاهرة : _bتوزيع دار النهضة العربية، _c2013. |
|
| 300 |
_a544 صفحة ؛ _c24 سم |
||
| 336 |
_2rdacontent _aنص _btxt |
||
| 337 |
_2rdamedia _aبدون وسيط _bn |
||
| 338 |
_2rdacarrier _aمجلد _bnc |
||
| 500 | _aيشتمل على ملاحق. | ||
| 500 | _aفي الأصل (دكتوراه) - جامعة الإسكندرية - كلية الحقوق - 2013. | ||
| 504 | _aيشتمل على إرجاعات ببليوجرافية. | ||
| 541 | _cإهداء. | ||
| 650 | 7 |
_aالأوراق المالية _xقوانين وتشريعات. _2BUEsh |
|
| 650 | 7 |
_aالشركات المساهمة _xقوانين وتشريعات. _2BUEsh _941149 |
|
| 650 | 7 |
_aالبورصات _xقوانين وتشريعات. _2BUEsh _941197 |
|
| 651 | _2BUEsh | ||
| 653 |
_bLLAAWW _cNovember2016 |
||
| 655 |
_vReading book _934232 |
||
| 942 | _2ddc | ||
| 999 |
_c23292 _d23264 |
||